000 00561nam a22002177a 4500
003 UA-OsUOA
001 63882
007 ta
008 20091023b un ||||| |||| 00| 0 ukr d
090 _a821.161.1
_bН44
942 _cBK
040 _aUA-OsUOA
_brus
_cUA-OsUOA
_dUA-OsUOA
245 _aНезримый фронт
_cСавостьянов В. И.
300 _a270 с.
955 _a2
041 _arus
080 _a821.161.1
260 _aМ.
_c1961
650 7 _a82 Література. Літературознавство
_2UDC
999 _c349989
_d349989